000 00326nam a22001097a 4500
008 160210b xxu||||| |||| 00| 0 eng d
020 _a9789951541015
041 _aeng
080 _a336
245 _aRaportimi financiar P5 :
_cShoqata e Kontabilistëve të Çertifikuar dhe Auditorëve të Kosovës (ShKÇAK) /
942 _2udc
_cBK
999 _c1416
_d1416